00872nam a2200193 a 4500003000200000005001700002008004100019050003000060100003400090245011000124260009200234300004100326504004100367650005900408650006300467650004600530650004700576650005500623020250513131627.0021108s19uu xx 00 eng d aPGS HD 6983.P5b.J91 2002 aJuangco, Dane Kristel Amurao. aStudy on the cost of living in the selected household in Las Piñas City /cDane Kristel Amurao Juangco. aLas Piñas City, Philippines : bSouthville International School and Colleges,c2002. a29 pages :billustrations ;c28 cm.  aIncludes bibliographical references. aCost and standard of livingzPhilippineszLas Piñas. aHouseholdsvEconomic conditionszPhilippineszLas Piñas. aFamily budgetszPhilippineszLas Piñas. aLiving expenseszPhilippineszLas Piñas. aConsumption (Economics)zPhilippineszLas Piñas.